000 00792nam a2200205Ia 4500
003 GCL
008 140319s9999 xx 000 0 ara d
040 _aGCL /
_cGCL
082 0 4 _aق
_b923.2
_bأ م
100 1 _aاحمد شفيق باشا
245 1 0 _aمذكراتى فى نصف قرن /
_cاحمد شفيق باشا
260 _aالقاهرة :
_bالهيئة المصرية العامة للكتاب ،
_c1994
300 _aمتعدد ؛
_c22 سم
490 _aتاريخ المصريين
_v83
650 0 4 _aمصر - تاريخ
650 0 4 _aمصر - تاريخ - العصر الحديث (1805 - 1956 )
650 0 4 _aمصر - تاريخ - العصر الحديث - عصر اسماعيل ( 1863-1879 م )
650 0 4 _aاحمد شفيق باشا - تراجم
942 _2ddc
_cBK
999 _c42000
_d42000